01130nam a2200181 4500001000700000003000900007005001700016007000300033008004100036100004000077245013300117260003600250300002700286505045600313852003500769999001900804952012500823112410ES-MaACL20230906185526.0t|061121s1974 sp r ||||1| spa d1 aMuñoz García, Francisco.98442210aCálculo teórico-práctico de los elementos y grupos del vehículo industrial y automóvil / cFrancisco Muñoz García. aMadrid : bDossat, c1974-1983. a4 v. : bil ; c22 cm.8 aContiene: Vol. I. Potencia y par motor. Reparto de cargas. Cálculo de chasis.- 252 p. Vol. II. Embragues de fricción. Caja de cambios. rboles de transmisión. Trenes epicicloidales.- 329 p. Vol. III. Sistema internacional de unidades . Frenos por tambor y disco. Suspensión...Dirección. Estabilidad en marcha.- 318 p. Vol. IV. Ejes propulsores. Diferenciales. Divisores de par mecánico. Eficacia de frenado. Estudio del frenómetro..316 p. aES-MaACLjL-11243-46 bR.91813 c112410d112410 00104070aATENEOMbATENEOMcDEPO2d2008-01-17eSCl0oL-11243-46p1117258r2023-02-23 00:00:00w2023-02-23yMONOGRAFIA